00670nam a2200241 a 4500001001300000003000900013005001700022008004100039020001000080082001400090100001900104245002500123260004800148300000800196500003500204505001000239650001600249700001900265902000800284942000700292952011400299999001500413nice12345678IN_TiNIC20260116011832.0050524s0000 laha grp 000 0 urd  ac10000a239bHAS1 aHashmatullah,  aBaraheen-E-Naiyyara. aLahorebPunjab Religious Booksociety c0000 a52p aincludes index and biblioraphy2 aIndex aApologetics1 aHashmatullah,  bSRS cBK 001040708StackRoom-aHMIbHMId2007-06-21g100.00l0o239 HAS1p09583r2007-06-21v100.00w2005-05-24yBK c4321d4321